III-Nitride material based next generation photonic and optoelectronic devices (Record no. 45650)

000 -LEADER
fixed length control field 00485nam a22001577a 4500
001 - CONTROL NUMBER
control field 45650
003 - CONTROL NUMBER IDENTIFIER
control field BD-DhUET
008 - FIXED-LENGTH DATA ELEMENTS--GENERAL INFORMATION
fixed length control field 260418b xxu||||| |||| 00| 0 eng d
040 ## - CATALOGING SOURCE
Transcribing agency 0
Modifying agency BD-DhUET
100 ## - MAIN ENTRY--PERSONAL NAME
Personal name Zunaid Baten, Md
245 ## - TITLE STATEMENT
Title III-Nitride material based next generation photonic and optoelectronic devices
260 ## - PUBLICATION, DISTRIBUTION, ETC. (IMPRINT)
Place of publication, distribution, etc. Dhaka
Name of publisher, distributor, etc. Department of Electrical and Electronic Engineering, BUET
Date of publication, distribution, etc. 2025
300 ## - PHYSICAL DESCRIPTION
Extent various pagings
504 ## - BIBLIOGRAPHY, ETC. NOTE
Bibliography, etc Includes bibliographies
942 ## - ADDED ENTRY ELEMENTS (KOHA)
Koha item type Report
Holdings
Koha date last seen Price effective from Not for loan Lost status Shelving location Location (home branch) Piece designation (barcode) Withdrawn status Source of classification or shelving scheme Date acquired Damaged status Copy number Sublocation or collection (holding branch) Koha item type
2026-04-182026-04-18  Acquisition sectionCentral Library, BUET121017  2026-04-18 1Central Library, BUETReport